000 00269nam a2200109Ia 4500
001 1265571
005 20260417142029.0
008 260417s9999 xx 000 0 und d
020 _a9786256999176
245 0 _aKelleci Memet
_cKemal Tahir
260 _bKetebe Yayınları
999 _c1265571
_d1265571